00554nam a2200181Ia 4500003000500000008004100005020001800046040001900064082000700083100002200090245005100112260002600163300000800189546001200197942001200209999001700221952013400238STCL181203s9999 xx 000 0 und d a9789351500377 aSTCLbENcSTCL 222 aRaimedhi, Indrani 0aMy half of the sky: 12 life stories of courage bSageaNew Delhic2015 a171 aEnglish 2ddccBK c83218d83218 00102ddc4070aSTCALbSTCALcGENd2015-06-10g495.00l1o304.4095 RAI-Ip92618r2015-09-14 00:00:00s2015-09-10w2015-06-10yBK